[Event "Turniej Niepodleglosci 2021"]
[Site "Warsaw POL"]
[Date "2021.11.11"]
[Round "7.11"]
[White "Chylewski, Patryk"]
[Black "Fus, Jakub"]
[Result "0-1"]
[WhiteElo "2135"]
[BlackElo "2211"]

1. h3 d5 2. c3 Nf6 3. Nf3 c5 4. d3 Nc6 5. Bf4 g6 6. Nbd2 Bg7 7. e4 O-O 8.
Qc2 d4 9. Be2 Nh5 10. Bh2 Bh6 11. Nb3 Qb6 12. Nfd2 Nf4 13. Bxf4 Bxf4 14.
Nc4 Qc7 15. Nxc5 b5 16. Nd2 Qb6 17. Ncb3 Be6 18. O-O Rac8 19. Nf3 Nb4 20.
Qb1 Bxb3 21. axb3 dxc3 22. bxc3 Rxc3 23. g3 Bxg3 24. d4 Bf4 25. e5 Nc2 26.
Ra2 Rfc8 27. Rd1 Qe6 28. Kg2 Rxb3 29. d5 Rxb1 30. dxe6 Rxd1 31. Bxd1 Nb4
32. Rxa7 Nc6 33. exf7+ Kxf7 34. Bb3+ Kf8 35. Rb7 Rb8 36. Rxb8+ Nxb8 37. Nd4
Bxe5 38. Nxb5 Nc6 39. Bd5 Nb4 40. Be4 Kg7 41. Na7 Bd6 42. Nc6 Na6 43. Bc2
Kf6 44. Kf3 Nc5 45. Na5 Ne6 46. Bb1 Nf4 47. h4 Ne6 48. Nc4 Nd4+ 49. Kg4 h5+
50. Kh3 Bc7 51. Ne3 e6 52. Kg2 Ne2 53. Kf3 Nf4 54. Ng2 Nd5 55. Be4 Ne7 56.
Nf4 Bxf4 57. Kxf4 Nf5 0-1

[Event "Turniej Niepodleglosci 2021"]
[Site "Warsaw POL"]
[Date "2021.11.11"]
[Round "7.12"]
[White "Przedmojski, Rafal"]
[Black "Redzisz, Michal"]
[Result "1-0"]
[WhiteElo "2195"]
[BlackElo "1958"]

1. d4 Nf6 2. c4 g6 3. Nc3 d5 4. Bg5 Bg7 5. Bxf6 Bxf6 6. cxd5 O-O 7. Nf3 c6
8. dxc6 Nxc6 9. e3 Bg4 10. Be2 Qb6 11. Qb3 Qc7 12. O-O Rac8 13. Nd5 Qd6 14.
Nxf6+ Qxf6 15. h3 Be6 16. d5 Na5 17. Qb5 1-0

[Event "Turniej Niepodleglosci 2021"]
[Site "Warsaw POL"]
[Date "2021.11.11"]
[Round "8.1"]
[White "Heberla, Bartlomiej"]
[Black "Kowalski, Igor"]
[Result "1-0"]
[WhiteElo "2411"]
[BlackElo "2263"]

1. e4 c6 2. d4 d5 3. e5 Bf5 4. h4 h5 5. Bd3 Bxd3 6. Qxd3 Qa5+ 7. Nd2 e6 8.
Nf3 Nh6 9. O-O Nf5 10. Nb3 Qa6 11. Qd1 Nd7 12. Bg5 c5 13. c3 Qb6 14. Qe2 c4
15. Nc1 f6 16. Bf4 Kf7 17. Re1 Be7 18. Qd2 fxe5 19. Nxe5+ Nxe5 20. Bxe5
Bxh4 21. Ne2 Rae8 22. b3 Qc6 23. Rab1 Bf6 24. Ng3 Nxg3 25. fxg3 Rc8 26.
bxc4 dxc4 27. Rf1 Rh6 28. Qg5 Qe4 29. Bxf6 Rxf6 30. Qxh5+ Kg8 31. Rxf6 gxf6
32. Rf1 Qe3+ 33. Kh2 Kg7 34. Qg4+ Kf7 35. Qh4 f5 36. Qh7+ Kf6 37. Rf4 Rf8
38. d5 Rf7 39. Qh6+ Ke7 40. d6+ Kd7 41. Qg6 1-0

[Event "Turniej Niepodleglosci 2021"]
[Site "Warsaw POL"]
[Date "2021.11.11"]
[Round "8.2"]
[White "Jakubowski, Krzysztof"]
[Black "Gdanski, Jacek"]
[Result "0-1"]
[WhiteElo "2412"]
[BlackElo "2326"]

1. d4 Nf6 2. Nf3 c5 3. c3 Qc7 4. Bg5 Ne4 5. Bh4 g6 6. Nbd2 Nxd2 7. Qxd2 Bg7
8. e3 d6 9. Be2 O-O 10. O-O b6 11. b4 Bb7 12. a4 Nc6 13. Rfd1 cxb4 14. cxb4
a5 15. Rac1 Qd8 16. b5 Nb4 17. Ne1 Qd7 18. Nc2 Nxc2 19. Rxc2 Rac8 20. Rdc1
Bf6 21. Bg3 h5 22. f3 h4 23. Bf2 h3 24. g3 Bg5 25. Qd3 Qe6 26. Rxc8 Rxc8
27. Rxc8+ Qxc8 28. e4 d5 29. e5 Qc1+ 30. Qd1 Qb2 31. f4 Bh6 32. Bg4 Qc3 33.
Bxh3 Bc8 34. Bg2 Be6 35. Be1 Qe3+ 36. Kf1 Bf5 37. Bxd5 e6 38. Bf3 Bf8 39.
Kg2 Be4 40. Bf2 Bxf3+ 41. Qxf3 Qc1 42. d5 exd5 43. Qxd5 Qc2 44. e6 Bc5 45.
exf7+ Kf8 46. Qf3 Kxf7 47. h4 Bxf2 48. Qxf2 Qe4+ 49. Kh2 Qxa4 50. Qxb6 Qc2+
51. Kh3 Qf5+ 52. Kg2 Qe4+ 53. Kf2 Qc2+ 54. Ke3 Qc3+ 55. Ke4 Qc4+ 56. Ke5
Qc3+ 57. Kd5 Qd3+ 58. Kc6 Qe4+ 59. Kc7 a4 60. Qa6 Qe7+ 61. Kc6 a3 62. b6
Qe6+ 63. Kc7 a2 64. Qa7 Kf6 65. b7 Qe7+ 66. Kc8 Qe6+ 67. Kc7 Qc4+ 68. Kd7
Qd3+ 69. Kc6 Qc4+ 70. Kd7 Qe6+ 71. Kc7 Qc4+ 72. Kd6 Qe6+ 73. Kc5 Qe3+ 74.
Kc6 Qxa7 0-1

[Event "Turniej Niepodleglosci 2021"]
[Site "Warsaw POL"]
[Date "2021.11.11"]
[Round "8.3"]
[White "Kosakowski, Jakub"]
[Black "Macieja, Bartlomiej"]
[Result "1/2-1/2"]
[WhiteElo "2297"]
[BlackElo "2454"]

1. e4 c5 2. Nf3 e6 3. d4 cxd4 4. Nxd4 Nc6 5. Nc3 Qc7 6. Be3 a6 7. Qf3 Nf6
8. O-O-O Be7 9. Be2 O-O 10. Qg3 d6 11. f4 d5 12. e5 Ne4 13. Nxe4 dxe4 14.
Nxc6 Qxc6 15. Bd4 b5 16. Qc3 Qb7 17. Bc5 b4 18. Qc4 a5 19. Bxe7 Qxe7 20.
Rd6 Bb7 21. Qd4 Bd5 22. Bc4 Rfd8 23. Bxd5 Rxd6 24. Qc5 exd5 25. exd6 Qd7
26. Qxd5 Re8 27. Re1 e3 28. Qd3 h6 29. Rxe3 Rxe3 30. Qxe3 Qxd6 31. a3 Qd5
32. axb4 axb4 33. Qd2 Qe4 34. Qd8+ Kh7 35. Qd3 Qxd3 36. cxd3 Kg6 37. Kd2
Kf5 38. Ke3 h5 39. Kf3 f6 40. b3 g5 41. fxg5 fxg5 42. Ke3 h4 43. h3 g4 44.
d4 gxh3 45. gxh3 Kf6 46. Kf4 Ke6 47. Ke4 Kd6 48. d5 Kd7 49. Ke5 Ke7 50. d6+
Kd7 51. Kd5 Kd8 52. Kc5 Kd7 53. Kxb4 Kxd6 54. Kb5 Ke5 55. b4 Kf4 56. Kc4
Kg3 57. b5 Kxh3 58. b6 Kg2 59. b7 h3 60. b8=Q h2 61. Qb7+ Kg1 62. Qb6+ Kg2
63. Qg6+ Kf2 64. Qe4 Kg1 65. Qg4+ Kf2 66. Qh3 Kg1 67. Qg3+ Kh1 68. Qf4 Kg2
69. Qg4+ Kf2 70. Kd3 h1=Q 71. Qe2+ Kg3 72. Qe3+ 1/2-1/2

[Event "Turniej Niepodleglosci 2021"]
[Site "Warsaw POL"]
[Date "2021.11.11"]
[Round "8.4"]
[White "Kanarek, Marcel"]
[Black "Bednarek, Sylwester"]
[Result "1-0"]
[WhiteElo "2293"]
[BlackElo "2361"]

1. e4 e6 2. d4 d5 3. Nc3 Bb4 4. Ne2 dxe4 5. a3 Bxc3+ 6. Nxc3 Nc6 7. Bb5 Ne7
8. Bg5 f6 9. Be3 a6 10. Ba4 b5 11. Bb3 e5 12. dxe5 Qxd1+ 13. Rxd1 Nxe5 14.
Nd5 Nxd5 15. Bxd5 c6 16. Bxe4 f5 17. f4 fxe4 18. fxe5 Be6 19. Rd6 Bd5 20.
Bc5 Rd8 21. Rf1 Rxd6 22. exd6 Kd7 23. Kd2 Re8 24. Ke3 Re5 25. Kd4 Rg5 26.
Rf8 Be6 27. b4 Rxg2 28. Ra8 Rg5 29. Kxe4 h6 30. Rxa6 Bd5+ 31. Kf4 Ke6 32.
Ra7 Rf5+ 33. Ke3 Rf7 34. Rxf7 1-0

[Event "Turniej Niepodleglosci 2021"]
[Site "Warsaw POL"]
[Date "2021.11.11"]
[Round "8.5"]
[White "Hasterok, Mateusz"]
[Black "Nguyen, Piotr"]
[Result "0-1"]
[WhiteElo "1950"]
[BlackElo "2351"]

1. d4 g6 2. c4 Bg7 3. Nc3 c5 4. d5 Bxc3+ 5. bxc3 f5 6. e4 fxe4 7. Qc2 Qa5
8. f3 e3 9. Bd3 d6 10. Ne2 Nd7 11. Bxg6+ hxg6 12. Qxg6+ Kf8 13. O-O Ne5 14.
Qe4 Nf6 15. Qf4 Qa4 16. Qxe3 Qxc4 17. f4 Neg4 18. Qd2 Nxh2 19. Re1 Qxd5 20.
Qe3 Nhg4 21. Qg3 Qh5 22. Kf1 Ne4 23. Qh3 Nh2+ 24. Kg1 Bxh3 0-1

[Event "Turniej Niepodleglosci 2021"]
[Site "Warsaw POL"]
[Date "2021.11.11"]
[Round "8.6"]
[White "Nasuta, Grzegorz"]
[Black "Sanz Wawer, Daniel"]
[Result "1/2-1/2"]
[WhiteElo "2347"]
[BlackElo "2182"]

1. e4 c6 2. d4 d5 3. Nc3 dxe4 4. Nxe4 Bf5 5. Ng3 Bg6 6. h4 h6 7. Nf3 e6 8.
Ne5 Bh7 9. Bd3 Bxd3 10. Qxd3 Nd7 11. Qe2 Ngf6 12. Bd2 Be7 13. O-O-O O-O 14.
f4 Nd5 15. f5 Bf6 16. fxe6 fxe6 17. Qg4 Bxe5 18. dxe5 Qe7 19. Bxh6 Nxe5 20.
Qe2 gxh6 21. Qxe5 Qf6 22. Rhe1 Qxe5 23. Rxe5 Nf4 24. Ne4 Rad8 25. Nc5 Rxd1+
26. Kxd1 b6 27. Nd3 Nxd3 28. cxd3 1/2-1/2

[Event "Turniej Niepodleglosci 2021"]
[Site "Warsaw POL"]
[Date "2021.11.11"]
[Round "8.7"]
[White "Przedmojski, Rafal"]
[Black "Mis, Mieszko"]
[Result "1/2-1/2"]
[WhiteElo "2195"]
[BlackElo "2325"]

1. d4 Nf6 2. c4 e6 3. g3 d5 4. Bg2 dxc4 5. Qa4+ Nbd7 6. Nf3 a6 7. Qxc4 b5
8. Qc6 Ra7 9. O-O Bb7 10. Qc2 c5 11. Be3 Nd5 12. Bg5 Qa8 13. Nc3 h6 14.
Nxd5 Bxd5 15. Be3 c4 16. Ne1 Nf6 17. f3 Be7 18. Bf2 Rc7 19. e4 Bb7 20. a3
O-O 21. Qe2 Qc8 22. Nc2 c3 23. b4 Rd8 24. Rfc1 Nd7 25. Ne1 Nb6 26. Nd3 Rc4
27. Rc2 Na4 28. Nc5 Nxc5 29. dxc5 a5 30. Rb1 axb4 31. axb4 Qa8 32. Bf1 Qa4
33. Rbc1 Qxb4 34. Qe1 Bxc5 35. Bxc4 Bxf2+ 36. Qxf2 bxc4 37. Rxc3 Ba6 38.
Kg2 e5 39. Qc2 Rd4 40. Rb1 Qd6 41. Rb2 g5 42. g4 Rd1 43. Qf2 Qd4 44. Rbc2
Bb5 45. Qxd4 exd4 46. Rxc4 Bxc4 47. Rxc4 Kg7 48. Rc6 f6 49. Rd6 Kf7 50. Rd5
Kg6 51. Rd6 Kf7 52. Kg3 d3 53. h3 Kg7 54. Rd7+ Kg6 55. Kf2 Rh1 1/2-1/2

[Event "Turniej Niepodleglosci 2021"]
[Site "Warsaw POL"]
[Date "2021.11.11"]
[Round "8.8"]
[White "Bartel, Michal"]
[Black "Dworakowska, Joanna"]
[Result "1-0"]
[WhiteElo "2209"]
[BlackElo "2237"]

1. e4 c5 2. Ne2 d6 3. g3 Nc6 4. Bg2 g6 5. c3 c4 6. b3 Ne5 7. O-O Bg4 8.
bxc4 Nf3+ 9. Kh1 h5 10. Qa4+ Bd7 11. Qb3 Ne5 12. d4 Nc6 13. Nd2 h4 14. Kg1
Na5 15. Qc2 Rc8 16. e5 dxe5 17. dxe5 hxg3 18. Nxg3 Bg7 19. Re1 Qc7 20. Nde4
Bxe5 21. c5 Kf8 22. Be3 Nc6 23. Rad1 f5 24. Ng5 f4 25. Qxg6 Nh6 26. Rxd7
Qxd7 27. Ne6+ Qxe6 28. Qxe6 fxe3 29. Qxc8+ Kf7 30. Qxb7 exf2+ 31. Kxf2 Ng4+
32. Kg1 Bxc3 33. Rf1+ Kg7 34. Nf5+ Kf7 35. Qxc6 1-0

[Event "Turniej Niepodleglosci 2021"]
[Site "Warsaw POL"]
[Date "2021.11.11"]
[Round "8.9"]
[White "Deszczynski, Adam"]
[Black "Fus, Jakub"]
[Result "1-0"]
[WhiteElo "2177"]
[BlackElo "2211"]

1. e4 e6 2. d4 d5 3. Nd2 dxe4 4. Nxe4 Bd7 5. Nf3 Bc6 6. Bd3 Nd7 7. O-O Ngf6
8. Qe2 Bxe4 9. Bxe4 Nxe4 10. Qxe4 c6 11. c4 Be7 12. b3 O-O 13. Bb2 a5 14.
a4 Qb6 15. Qc2 Rac8 16. Rad1 Rfd8 17. Rfe1 Bf6 18. Bc1 Qc7 19. g3 Nf8 20.
Bf4 Qe7 21. h4 Rd7 22. h5 h6 23. Ne5 Bxe5 24. dxe5 Qc5 25. Rxd7 Nxd7 26.
Qd1 Qe7 27. Bd2 b6 28. Be3 Rd8 29. Qe2 c5 30. f4 Nb8 31. Rd1 Nc6 32. Rd2 f6
33. exf6 Qxf6 34. Rxd8+ Qxd8 35. Bf2 Qf6 36. Qe4 e5 37. Qd5+ Kh8 38. fxe5
Nxe5 39. Kg2 Qg5 40. Qa8+ Kh7 41. Qe4+ Kh8 42. Qa8+ Kh7 43. Qe4+ Kh8 44.
Qd5 Qf5 45. Qd8+ Kh7 46. Qxb6 Qe4+ 47. Kf1 Nd3 48. Qg6+ 1-0

[Event "Turniej Niepodleglosci 2021"]
[Site "Warsaw POL"]
[Date "2021.11.11"]
[Round "8.10"]
[White "Majek, Kacper"]
[Black "Baum, Jonasz"]
[Result "0-1"]
[WhiteElo "1908"]
[BlackElo "2209"]

1. e4 c5 2. Nf3 d6 3. g3 Nf6 4. d3 Nc6 5. Bg2 g6 6. O-O Bg7 7. c3 O-O 8.
Re1 e5 9. a3 b5 10. b4 Bb7 11. a4 a6 12. axb5 axb5 13. Rxa8 Qxa8 14. Na3
cxb4 15. Nxb5 Ba6 16. Nc7 Qb7 17. Nxa6 Qxa6 18. cxb4 Nxb4 19. d4 exd4 20.
Nxd4 Ng4 21. Qxg4 Bxd4 22. Bf1 Qb6 23. Be3 Nc2 24. Bxd4 Nxd4 25. Rd1 Qc5
26. Rd3 Rb8 27. Qd1 Rb4 28. Kg2 Qe5 29. Re3 Rb2 30. Qc1 Rc2 31. Qe1 Qf6 32.
Bd3 Rb2 33. Qf1 Kg7 34. Bc4 h5 35. h4 Rc2 36. Bd3 Rc3 37. Qa1 Rb3 38. Qa4
Rb2 39. Be2 Nxe2 40. Rf3 Qe7 41. Qa3 Rd2 42. Qe3 Ra2 43. Qb3 Qa7 44. Re3
Nd4 45. Qc3 Ra4 46. Rd3 Qc5 47. Qb2 Rb4 48. Qa1 Rc4 49. Qa2 Rc3 50. Rd2 Ne6
51. Qb2 Qe5 52. Kg1 Rc4 53. Qb3 Rxe4 54. Kh2 Rxh4+ 55. Kg1 Re4 56. Rd5 Re1+
0-1

[Event "Turniej Niepodleglosci 2021"]
[Site "Warsaw POL"]
[Date "2021.11.11"]
[Round "8.11"]
[White "Czernek, Tymon"]
[Black "Nurkiewicz, Maciej"]
[Result "1/2-1/2"]
[WhiteElo "2005"]
[BlackElo "2257"]

1. e4 c5 2. Nf3 d6 3. d4 cxd4 4. Nxd4 Nf6 5. Nc3 a6 6. Bc4 e6 7. O-O b5 8.
Bb3 Nbd7 9. Bxe6 fxe6 10. Nxe6 Qb6 11. Nd5 Nxd5 12. exd5 Nf6 13. Re1 Bxe6
14. Rxe6+ Kf7 15. Bg5 Be7 16. Qe2 Bd8 17. Re1 Rf8 18. Rxf6+ Bxf6 19. Qe6+
Kg6 20. Be3 Qb7 21. Qe4+ 1/2-1/2

[Event "Turniej Niepodleglosci 2021"]
[Site "Warsaw POL"]
[Date "2021.11.11"]
[Round "8.12"]
[White "Gorniewicz, Oskar"]
[Black "Szustakowski, Antoni"]
[Result "1/2-1/2"]
[WhiteElo "1979"]
[BlackElo "2218"]

1. d4 Nf6 2. Nf3 e6 3. g3 d5 4. Bg2 Be7 5. O-O O-O 6. c3 c5 7. Nbd2 Nc6 8.
e3 Bd6 9. Qe2 e5 10. dxc5 Bxc5 11. e4 d4 12. cxd4 Nxd4 13. Nxd4 Bxd4 14.
Nb3 Bb6 15. Be3 Bg4 16. Bf3 Bxf3 17. Qxf3 Qd3 18. Rad1 Qxe4 19. Qxe4 Nxe4
20. Bxb6 axb6 21. Rfe1 Ng5 22. Kg2 f6 23. a3 Rfd8 24. f4 Nf7 25. fxe5 Nxe5
26. Nd4 Rd7 27. Ne6 Kf7 28. Rxd7+ Nxd7 29. Nc7 1/2-1/2

[Event "Turniej Niepodleglosci 2021"]
[Site "Warsaw POL"]
[Date "2021.11.11"]
[Round "9.1"]
[White "Nguyen, Piotr"]
[Black "Heberla, Bartlomiej"]
[Result "1/2-1/2"]
[WhiteElo "2351"]
[BlackElo "2411"]

1. f4 d5 2. Nf3 e6 3. g3 c5 4. Bg2 Nc6 5. O-O Bd6 6. d3 Nge7 7. e4 f6 8.
Qe2 O-O 9. c3 Bd7 10. Na3 a6 11. Nc2 b5 12. a3 Qe8 13. Be3 a5 14. e5 fxe5
15. fxe5 Nxe5 16. Nxe5 Bxe5 17. Bxc5 Rxf1+ 18. Rxf1 Ng6 19. Ne3 Rc8 20. d4
Bf6 21. Ng4 Be7 22. b4 axb4 23. axb4 Bxc5 24. dxc5 Qe7 25. Ne5 Nxe5 26.
Qxe5 Rf8 27. Qc7 Rxf1+ 28. Bxf1 Qe8 29. Qe5 Bc6 30. Bd3 Qf7 31. Qb8+ Qe8
32. Qe5 Qf7 33. Qd6 Qd7 34. Qf4 Qe7 35. Qb8+ Qe8 36. Qe5 Qf7 1/2-1/2

[Event "Turniej Niepodleglosci 2021"]
[Site "Warsaw POL"]
[Date "2021.11.11"]
[Round "9.2"]
[White "Gdanski, Jacek"]
[Black "Kanarek, Marcel"]
[Result "1/2-1/2"]
[WhiteElo "2326"]
[BlackElo "2293"]

1. e4 c5 2. Nc3 Nc6 3. Nf3 e6 4. d4 cxd4 5. Nxd4 Nf6 6. Nxc6 bxc6 7. e5 Nd5
8. Ne4 Bb7 9. c4 Nb4 10. Be2 Qa5 11. O-O Qxe5 12. Bf3 Be7 13. a3 Na6 14. g3
Qc7 15. b4 d5 16. Bf4 Qd7 17. Nc3 O-O 18. Qa4 Rfd8 19. Rfd1 Bf6 20. Rac1
Qe8 21. Qa5 e5 22. Re1 e4 23. b5 cxb5 24. Nxd5 Bxd5 25. cxd5 Qf8 26. Bxe4
Nc5 27. Qxb5 Nxe4 28. Rxe4 Qxa3 29. Rce1 Qf8 30. d6 Rab8 31. Qd5 Rd7 32. h4
g6 33. h5 Rbd8 34. h6 Rb8 35. Qc6 Rbd8 36. Kg2 g5 37. Be3 Rxd6 38. Qb5 Rd5
39. Qa6 R5d6 40. Qxa7 Qxh6 41. Bc5 Re6 42. Rxe6 fxe6 43. Rxe6 g4 44. Re1
Qh5 45. Qa2+ Qd5+ 46. Qxd5+ Rxd5 47. Be3 h5 1/2-1/2

[Event "Turniej Niepodleglosci 2021"]
[Site "Warsaw POL"]
[Date "2021.11.11"]
[Round "9.3"]
[White "Macieja, Bartlomiej"]
[Black "Bartel, Michal"]
[Result "1-0"]
[WhiteElo "2454"]
[BlackElo "2209"]

1. Nf3 d5 2. d4 c6 3. c4 Nf6 4. Qb3 Qb6 5. Nc3 Bf5 6. c5 Qxb3 7. axb3 Nbd7
8. b4 Ne4 9. b5 e5 10. bxc6 bxc6 11. e3 Be7 12. Ra6 Nb8 13. Ra5 exd4 14.
Nxd4 Bg6 15. Nxe4 Bxe4 16. Bd2 O-O 17. b4 Rc8 18. f3 Bg6 19. Kf2 Bd8 20.
Ra4 a5 21. Be2 Nd7 22. f4 f5 23. Rha1 Nf6 24. Bf3 Ra6 25. Nb3 Rca8 26. Nxa5
Be8 27. Bc3 Kf8 28. Be5 Nd7 29. Bd4 Be7 30. Be2 R6a7 31. Bd1 Ra6 32. Nxc6
Rxa4 33. Rxa4 Rxa4 34. Bxa4 Nb8 35. Nxe7 Bxa4 36. Nxf5 g6 37. Nd6 Ke7 38.
b5 Nd7 39. g4 Nf8 40. f5 gxf5 41. gxf5 Nd7 42. Kg3 1-0

[Event "Turniej Niepodleglosci 2021"]
[Site "Warsaw POL"]
[Date "2021.11.11"]
[Round "9.4"]
[White "Kowalski, Igor"]
[Black "Jakubowski, Krzysztof"]
[Result "1-0"]
[WhiteElo "2263"]
[BlackElo "2412"]

1. d4 Nf6 2. Nf3 e6 3. g3 d5 4. Bg2 b5 5. O-O Be7 6. a4 b4 7. c4 c6 8. Ne5
O-O 9. Nd2 Nfd7 10. Nxd7 Nxd7 11. Qc2 Ba6 12. Rd1 Rc8 13. e4 c5 14. exd5
exd5 15. dxc5 Nf6 16. Ne4 b3 17. Nxf6+ Bxf6 18. Qxb3 Bxc4 19. Qb7 Qc7 20.
Bxd5 Qxb7 21. Bxb7 Rxc5 22. Bf4 Bb3 23. Bd6 Bxd1 24. Bxc5 Rd8 25. Bxa7 Bxb2
26. Rb1 Bc3 27. Bb6 Rd2 28. Be3 Rd8 29. Bc6 h5 30. h4 Rd6 31. Be4 g6 32.
Rc1 Ba5 33. Rc5 Bd8 34. a5 Be2 35. Bf4 Rd4 36. Bb7 Rd1+ 37. Kg2 Bf1+ 38.
Kh2 Kh7 39. a6 Ra1 40. Bc7 Bxc7 41. Rxc7 Bxa6 42. Rxf7+ Kh6 43. Be4 Ra4 44.
Re7 Bc8 45. Kg2 Ra6 46. Rc7 Be6 47. Kf3 Rb6 48. Kf4 Ba2 49. f3 Rf6+ 50. Ke3
Re6 51. Kf2 Rf6 52. Rd7 Bg8 53. Ke3 Re6 54. g4 hxg4 55. fxg4 Re8 56. Kf4
Rf8+ 57. Kg3 Bf7 58. Re7 Kg7 59. Bd5 1-0

[Event "Turniej Niepodleglosci 2021"]
[Site "Warsaw POL"]
[Date "2021.11.11"]
[Round "9.5"]
[White "Baum, Jonasz"]
[Black "Kosakowski, Jakub"]
[Result "1-0"]
[WhiteElo "2209"]
[BlackElo "2297"]

1. d4 Nf6 2. c4 e6 3. Nc3 Bb4 4. g3 O-O 5. Bg2 d6 6. Nf3 Nc6 7. Qb3 Ne4 8.
O-O Bxc3 9. bxc3 Na5 10. Qc2 f5 11. c5 dxc5 12. Ne5 cxd4 13. cxd4 b6 14.
Ba3 Re8 15. Rac1 c5 16. dxc5 Qd5 17. Nd3 Bb7 18. Nf4 Qc6 19. Bb4 Rac8 20.
Bxa5 bxa5 21. Nd3 Red8 22. Qb2 Ba6 23. Rfd1 Qa4 24. Qe5 Qxa2 25. Bxe4 fxe4
26. Qxe4 Qd5 27. Qxd5 Rxd5 28. Nf4 Rxd1+ 29. Rxd1 e5 30. Nd3 e4 31. Ne5 h6
32. c6 Bxe2 33. Rd7 Bb5 34. Rxa7 Bxc6 35. Ng6 Ra8 36. Ne7+ Kf7 37. Nxc6+
Rxa7 38. Nxa7 a4 39. Nb5 Ke6 40. Kf1 Kd7 41. Ke2 Kc6 42. Na3 Kc5 43. Kd2
Kb4 44. Nc2+ Kb3 45. Nd4+ Kc4 46. Nc2 Kb3 47. g4 g6 48. h4 g5 49. h5 Kb2
50. Ne3 Kb3 51. Kc1 Kc3 52. Nf5 a3 53. Kb1 1-0

[Event "Turniej Niepodleglosci 2021"]
[Site "Warsaw POL"]
[Date "2021.11.11"]
[Round "9.6"]
[White "Bednarek, Sylwester"]
[Black "Karpus, Michal"]
[Result "1/2-1/2"]
[WhiteElo "2361"]
[BlackElo "2102"]

1. d4 Nf6 2. Bg5 d5 3. Bxf6 exf6 4. e3 Bd6 5. c4 dxc4 6. Bxc4 f5 7. Nc3 Nd7
8. Nf3 O-O 9. O-O c6 10. Rb1 Nf6 11. b4 Ne4 12. Qd3 Qe7 13. b5 c5 14. Nd5
Qd8 15. Rfd1 Be6 16. Qb3 Qa5 17. Rbc1 Rfd8 18. Ne7+ Bxe7 19. Bxe6 fxe6 20.
Qxe6+ Kf8 21. Ne5 Ng5 22. Qxf5+ Kg8 23. h4 Rf8 24. Qd7 Qxa2 25. Rf1 Ne4 26.
Ra1 Qe2 27. Qd5+ Kh8 28. Qxe4 cxd4 29. Qxb7 dxe3 30. Qxe7 Rae8 31. Qc5
exf2+ 32. Rxf2 Rxf2 33. Qxf2 Qxe5 34. Rxa7 Qxb5 35. Qd4 Rg8 36. Rd7 h6 37.
Rd6 Qh5 38. Kh2 Kh7 39. Qe4+ Kh8 40. Rg6 Rf8 41. Kh3 Qf5+ 1/2-1/2

[Event "Turniej Niepodleglosci 2021"]
[Site "Warsaw POL"]
[Date "2021.11.11"]
[Round "9.7"]
[White "Deszczynski, Adam"]
[Black "Nasuta, Grzegorz"]
[Result "0-1"]
[WhiteElo "2177"]
[BlackElo "2347"]

1. e4 c5 2. Nf3 d6 3. Bb5+ Nd7 4. d4 cxd4 5. Qxd4 a6 6. Bxd7+ Bxd7 7. Nc3
e5 8. Qd3 h6 9. a4 Nf6 10. Be3 Rc8 11. Nd2 Qc7 12. a5 Be6 13. O-O Be7 14.
Rfc1 Qc6 15. f3 O-O 16. Na4 d5 17. Nb6 Rcd8 18. exd5 Nxd5 19. Nxd5 Bxd5 20.
Qe2 f5 21. Bf2 Bg5 22. Be3 Bf6 23. c3 Rde8 24. b4 Rf7 25. c4 Be6 26. Rab1
Bd8 27. Nb3 f4 28. Bf2 Bf5 29. Nc5 Bxb1 30. Rxb1 Be7 31. Ne4 Rc8 32. c5 Bf8
33. Qc4 Rd8 34. h3 Qd5 35. Qxd5 Rxd5 36. b5 axb5 37. Rxb5 Rd1+ 38. Kh2 Rc7
39. Rb6 Ra1 40. Rb5 Kf7 41. h4 Ke6 42. h5 Kd5 43. c6+ Kxc6 44. Rxe5 Rf7 45.
Kh3 Bb4 46. Bb6 Ra2 47. Kh2 Rd7 48. Rf5 Rd5 49. Rxf4 Rxh5+ 50. Kg3 Bxa5 51.
Bxa5 Rhxa5 52. Rf7 b5 53. Rxg7 b4 54. Rg6+ Kc7 55. Rg7+ Kc6 56. Rg6+ Kc7
57. Rg7+ Kb8 58. Rg8+ Ka7 59. Rg7+ Kb8 60. Rg8+ Kb7 61. Rg7+ Kc6 62. Rg6+
Kc7 63. Rg7+ Kd8 64. Rb7 Rb2 65. Kf4 Ra6 66. g4 Kc8 67. Rb5 Kc7 68. Ke5 Rb6
69. Rc5+ Kb8 70. f4 b3 71. f5 Re2 72. Kd4 Rxe4+ 0-1

[Event "Turniej Niepodleglosci 2021"]
[Site "Warsaw POL"]
[Date "2021.11.11"]
[Round "9.8"]
[White "Mis, Mieszko"]
[Black "Krasenkova, Elena"]
[Result "1-0"]
[WhiteElo "2325"]
[BlackElo "2013"]

1. d4 g6 2. Nf3 Bg7 3. e4 d6 4. Bb5+ c6 5. Bd3 Nd7 6. O-O e5 7. dxe5 dxe5
8. Nbd2 Ngf6 9. Nc4 Qc7 10. b3 b5 11. Ncd2 O-O 12. a4 bxa4 13. Rxa4 Nc5 14.
Ra3 Nxd3 15. cxd3 Rd8 16. Qc2 a5 17. Nc4 Nd7 18. Bg5 f6 19. Bd2 Re8 20.
Bxa5 Qb8 21. Bc7 Qxc7 22. Rxa8 Bf8 23. Rfa1 Bc5 24. b4 Bxb4 25. R1a7 Qd8
26. Qb3 Bc5 27. Ncxe5+ Kg7 28. Qf7+ Kh6 29. Ng4+ Kh5 30. Qxh7+ Kxg4 31.
Qh4# 1-0

[Event "Turniej Niepodleglosci 2021"]
[Site "Warsaw POL"]
[Date "2021.11.11"]
[Round "9.9"]
[White "Fus, Jakub"]
[Black "Hasterok, Mateusz"]
[Result "1-0"]
[WhiteElo "2211"]
[BlackElo "1950"]

1. e4 c5 2. Nf3 e6 3. g3 Nc6 4. Bg2 Nf6 5. Qe2 Be7 6. e5 Nd5 7. O-O O-O 8.
Nc3 Nxc3 9. dxc3 d5 10. exd6 Bxd6 11. Rd1 Qc7 12. Ng5 Be7 13. Be3 f6 14.
Ne4 b6 15. Rd2 Rb8 16. Rad1 Nd8 17. Nd6 Bxd6 18. Rxd6 Nf7 19. R6d2 e5 20.
Bd5 Qe7 21. c4 Kh8 22. Qh5 g6 23. Qe2 h5 24. Be4 Kg7 25. Qd3 f5 26. Bd5 Ng5
27. Bxg5 Qxg5 28. Bg2 Be6 29. Qd6 Qf6 30. Qc7+ Kh6 31. Qxa7 f4 32. Re1 fxg3
33. hxg3 Bxc4 34. b3 Be6 35. Qc7 Bf5 36. Qxe5 Rbe8 37. Qxe8 Rxe8 38. Rxe8
Qa1+ 39. Kh2 Qxa2 40. Be4 Bxe4 41. Rxe4 Qb2 42. Re6 b5 43. Ree2 Qf6 44. Rd3
Qf5 45. Kg2 h4 46. gxh4 Qg4+ 47. Kf1 Qxh4 48. Ke1 Qg5 49. Ree3 c4 50. bxc4
bxc4 51. Rd4 Qa5+ 52. c3 Qa1+ 53. Ke2 Qb1 54. Rxc4 Qa2+ 55. Kd3 Qb1+ 56.
Kd4 Qb6+ 57. Rc5 Qf6+ 58. Rce5 Qxf2 59. c4 Qd2+ 60. Kc5 Qa5+ 61. Kd6 Qd8+
62. Kc6 Qc8+ 63. Kb5 Qb7+ 64. Ka4 Qa7+ 65. Kb3 Qb6+ 66. Kc2 Qb4 67. c5 Qc4+
68. Kd2 g5 69. Ke1 g4 70. Kf2 Qf4+ 71. Kg2 Qc4 72. R3e4 Qc3 73. Re3 Qc4 74.
Kg3 Kg6 75. R3e4 Qf1 76. Rxg4+ Kh6 77. Rge4 Kg6 78. c6 Qg1+ 79. Kf3 Qf1+
80. Ke3 Qc1+ 81. Kd4 Kf6 82. Re6+ Kf7 83. Kd5 Qd2+ 84. Kc5 Qa5+ 85. Kc4
Qa4+ 86. Kd3 Qb3+ 87. Kd4 Qb4+ 88. Kd5 Qa5+ 89. Kd6 Qd8+ 90. Ke5 Qg5+ 91.
Kd4 Qd8+ 92. Kc4 Qa5 93. Re7+ Kf8 94. c7 Qa4+ 95. Kd3 Qb3+ 96. Ke2 Qb2+ 97.
Kf3 Qc3+ 98. Kg4 Qd2 99. c8=Q+ 1-0

[Event "Turniej Niepodleglosci 2021"]
[Site "Warsaw POL"]
[Date "2021.11.11"]
[Round "9.10"]
[White "Gorniewicz, Oskar"]
[Black "Przedmojski, Rafal"]
[Result "0-1"]
[WhiteElo "1979"]
[BlackElo "2195"]

1. d4 d5 2. c4 e6 3. cxd5 exd5 4. Nc3 c6 5. Nf3 Bf5 6. Bf4 Nf6 7. e3 Nbd7
8. Bd3 Bxd3 9. Qxd3 Be7 10. O-O O-O 11. Rab1 Re8 12. b4 a6 13. a4 b5 14. a5
Bf8 15. Ne5 Rc8 16. Rfc1 Nxe5 17. Bxe5 Bd6 18. Bxd6 Qxd6 19. Ne2 Qd7 20.
Ng3 Re6 21. Rc3 Ne8 22. e4 Nd6 23. e5 Nc4 24. f4 Rg6 25. f5 Rg5 26. Qe2 h5
27. h4 Rg4 28. e6 Qa7 29. Rd3 Re8 30. Re1 fxe6 31. Nxh5 Re4 32. Qf2 Rxe1+
33. Qxe1 Qf7 34. Nxg7 Kxg7 35. Qg3+ Kh7 36. fxe6 Qxe6 37. Kh2 Rg8 38. Qc7+
Rg7 39. Qd8 Qe4 40. Rf3 Ne3 41. Qf6 Ng4+ 0-1

[Event "Turniej Niepodleglosci 2021"]
[Site "Warsaw POL"]
[Date "2021.11.11"]
[Round "9.11"]
[White "Sanz Wawer, Daniel"]
[Black "Kubicka, Anna"]
[Result "1-0"]
[WhiteElo "2182"]
[BlackElo "2000"]

1. e4 c6 2. d4 d5 3. Nc3 dxe4 4. Nxe4 Bf5 5. Ng3 Bg6 6. h4 h6 7. Nf3 Nd7 8.
h5 Bh7 9. Bd3 Bxd3 10. Qxd3 e6 11. Bf4 Qa5+ 12. Bd2 Bb4 13. c3 Be7 14. c4
Bb4 15. a3 Bxd2+ 16. Nxd2 Ngf6 17. O-O-O O-O 18. Kb1 Rfd8 19. Nde4 c5 20.
d5 exd5 21. cxd5 b5 22. Nf5 Nxe4 23. Qxe4 Nf6 24. Qf4 Qb6 25. d6 Qb7 26. f3
Ne8 27. Rhe1 Rd7 28. Qg4 f6 29. Qg6 Kf8 30. Re7 Rxe7 31. dxe7+ Kg8 32.
Nxh6+ Kh8 33. Nf7+ Kg8 34. h6 1-0